Možnosti a príležitosti kolektívneho investovania na Slovensku a vo svete diplomová práca

Saved in:
Bibliographic Details
Main Author: Rumanovská, Dominika
Corporate Author: Fakulta podnikového manažmentu EU. Katedra podnikových financií
Other Authors: Škriniar, Pavel, 1979-
Format: Book
Language:Slovak
Published: Bratislava 2013
Tags: Add Tag
No Tags, Be the first to tag this record!

MARC

LEADER 00000nbm a2200000 4500
001 0171039
005 20161109102426.0
041 0 |a slo 
044 |a SK 
245 1 0 |a Možnosti a príležitosti kolektívneho investovania na Slovensku a vo svete  |b diplomová práca  |c Dominika Rumanovská ; školiteľ: Pavel Škriniar 
264 1 |a Bratislava  |c 2013 
300 |a 74 s. 
100 1 |a Rumanovská, Dominika 
700 1 |a Škriniar, Pavel, 1979- 
710 2 |a Fakulta podnikového manažmentu EU. Katedra podnikových financií